000 00937nam a22002895i 4500
001 11420
003 ES-MaACL
005 20250831061859.0
007 t|
008 921102s1992 sp ||||0| spa j
020 _a84-7100-451-8
040 _aM-BN
_bspa
_cM-BN
080 _a266(599)(091)
080 _a27(599)
100 1 _aGutiérrez, Lucio.
_961066
245 1 0 _aHistoria de la Iglesia en Filipinas (1565-1900) /
_cLucio Gutiérrez.
260 _aMadrid :
_bMAPFRE,
_c[1992]
300 _a333 p ;
_c23 cm.
490 1 _aColección Iglesia Católica en el Nuevo Mundo ;
_v4
500 _aIndices.
504 _aBibliografía: p. 315-318.
650 4 _aMisiones-
_zFilipinas-
_vHistoria.
_915077
651 4 _aFilipinas-
_xHistoria eclesiástica.
_98661
830 0 0 _aColección Iglesia Católica en el Nuevo Mundo (Mapfre)
_v4
_9179065
852 _aES-MaACL
_jL-18745
_bR.124180
999 _c11420
_d11420